| 000 | 00476nam a2200157 i 4500 | ||
|---|---|---|---|
| 001 | 90717 | ||
| 003 | ES-MaACL | ||
| 005 | 20230906180537.0 | ||
| 007 | t| | ||
| 008 | 050124s1949 fr ||||1| fre d | ||
| 100 | 1 |
_aLeclercq, Jacques. _971094 |
|
| 245 | 1 | 3 |
_aLe problème de la foi _b: dans les milieux intellectuels au XXe siècle / _cJacques Leclercq. |
| 260 |
_aTournai, etc. : _bCasterman, _c1949. |
||
| 300 |
_a83 p. ; _c18 cm. |
||
| 852 |
_aES-MaACL _j1912-F-15 _bR.29956 |
||
| 999 |
_c90717 _d90717 |
||